000 01016cam a22003135i 4500
999 _c2238
_d2238
003 EG-ScBUE
005 20200106160516.0
008 190724s2006 enk f b 001 0 eng d
020 _a0415332966 (pbk. : alk. paper)
020 _a9780415332965 (pbk. : alk. paper)
040 _aEG-ScBUE
_beng
_erda
_cEG-ScBUE
_dEG-ScBUE
082 0 4 _a801.95
_bROU
_222
245 0 4 _aThe Routledge companion to critical theory /
_cedited by Simon Malpas and Paul Wake.
246 3 0 _aCritical theory
264 1 _aAbingdon, Oxon :
_bRoutledge,
_c2006.
300 _axiii, 296 pages ;
_c22 cm
336 _atext
_btxt
_2rdacontent
337 _aunmediated
_bn
_2rdamedia
338 _avolume
_bnc
_2rdacarrier
504 _aIncludes bibliographical references and index.
590 _aAml Khaled
650 7 _aCriticism.
_2BUEsh
_95477
650 7 _aCriticism (Philosophy)
_2BUEsh
651 _2BUEsh
653 _bHHUUEENN
_cJuly2019
700 1 _aMalpas, Simon,
_eeditor.
700 1 _aWake, Paul,
_eeditor.
942 _cBB
_2ddc